• 首页
  • 本馆介绍
  • 公告通知
  • 最新文献
  • 馆藏检索
  • 电子资源
  • 读者导购
  • 参考咨询
  • 我的图书馆
  • 登录
  • 详细信息显示
  • 放入我的书架
  • 预约/预借图书
  • 作者相关作品
  • 分类相关作品
  • 丛书相关作品
  • 出版社相关作品

书目信息

  • 表格格式
  • 工作单格式
  • 卡片格式
题名:
环境材料概论
    
 
作者: 冯奇 , 马放 , 冯玉杰 编
分册:  
出版信息: 北京   化学工业出版社  2007
页数: 227页
开本: 26cm
丛书名: 高等学校“十一五”规划教材
单 册:
中图分类: TB39
科图分类:
主题词: 环境科学--huan jing ke xue--材料科学--高等学校--教材
电子资源:
ISBN: 978-7-122-00626-4
000 00913nam 2200289 45
001 012001001005
005 20131107103912.0
010    @a978-7-122-00626-4@dCNY38.00
099    @aCAL 012007106127
100    @a20070820d2007 ekmy0chiy0120 ea
101 0  @achi
102    @aCN@b110000
105    @aak a 000yy
106    @ar
200 1  @a环境材料概论@Ahuan jing cai liao gai lun@f冯奇, 马放, 冯玉杰等编
210    @a北京@c化学工业出版社@d2007
215    @a227页@c图@d26cm
225 2  @a高等学校“十一五”规划教材@Agao deng xue xiao “ shi yi wu ” gui hua jiao cai
320    @a有书目
410  0 @12001@a高等学校“十一五”规划教材
606 0  @a环境科学@Ahuan jing ke xue@x材料科学@x高等学校@j教材
690    @aTB39@v4
701  0 @a冯奇@Afeng qi@4编
701  0 @a马放@Ama fang@4编
701  0 @a冯玉杰@Afeng yu jie@4编
801  0 @aCN@b北京卓展文化@c20191020
905    @b1197337-40@dTB39@e482@f4
    
    环境材料概论/冯奇, 马放, 冯玉杰等编.-北京:化学工业出版社,2007
    227页:图;26cm.-(高等学校“十一五”规划教材)
    
    
    ISBN 978-7-122-00626-4:CNY38.00
    
●
相关链接 在E读中查询图书 在五车中查询图书 在当当中查询图书 在豆瓣中查询图书


正题名:环境材料概论     索取号:TB39/482         预约/预借

序号 登录号 条形码 馆藏地/架位号 状态 备注
1 1197337   211973373   第二样本阅览室/ [索取号:TB39/482] 在馆    
2 1197338   211973382   第三借阅区/ [索取号:TB39/482] 在馆    
3 1197339   211973391   第三借阅区/ [索取号:TB39/482] 在馆    
4 1197340   211973408   第三借阅区/ [索取号:TB39/482] 在馆    
唐山师范学院图书馆 欢迎您!
大连网信软件有限公司© 版权所有